[Event "AUTO-OPEN-2123"]
[Site "http://www.queenalice.com/game.php?id=841689"]
[Date "2010.10.4"]
[Round "1"]
[White "CesarLMarques"]
[Black "geniolucio"]
[Result "1-0"]
[WhiteElo "2276"]
[BlackElo "1615"]

1. e4 e5 2. Nf3 Nc6 3. Bc4 h6 4. d4 exd4 5. Nxd4 d6 6. Nxc6 bxc6 7. O-O Nf6 8.
Nc3 d5 9. exd5 cxd5 10. Nxd5 Be6 11. Bb5+ Nd7 12. Bc6 Rb8 13. Qd4 Bxd5 14. Bxd5
Bc5 15. Qxg7 Rf8 16. Re1+ Be7 17. Bxh6 Rb6 18. Bg5 Rg6 19. Bxf7+ Rxf7 20. Qxg6
Kf8 21. Bh6+ Ke8 22. Rad1 1-0

[Event "AUTO-OPEN-2123"]
[Site "http://www.queenalice.com/game.php?id=841690"]
[Date "2010.10.4"]
[Round "1"]
[White "geniolucio"]
[Black "CesarLMarques"]
[Result "0-1"]
[WhiteElo "1613"]
[BlackElo "2277"]

1. e4 c5 2. Nf3 Nc6 3. c3 d5 4. exd5 Qxd5 5. Bb5 Bf5 6. O-O O-O-O 7. c4 Qd6 8.
Nc3 Nf6 9. Nd5 Nxd5 10. cxd5 Qxd5 11. b3 Ne5 12. Nxe5 Qxe5 13. Re1 Qxa1 14. Qe2
Qxa2 15. Qc4 e6 16. d4 a6 17. Re2 Qa5 18. Bd2 Qxb5 19. Qxb5 axb5 20. dxc5 Bc2
21. g3 Bd1 22. Kf1 Bxe2+ 23. Kxe2 Bxc5 0-1

[Event "AUTO-MASTER-1146"]
[Site "http://www.queenalice.com/game.php?id=851087"]
[Date "2010.10.27"]
[Round "2"]
[White "CesarLMarques"]
[Black "trompmaster"]
[Result "1/2-1/2"]
[WhiteElo "2318"]
[BlackElo "2086"]

1. e4 d6 2. d4 Nf6 3. Nc3 e5 4. Nf3 Nbd7 5. Bc4 Be7 6. O-O O-O 7. Re1 c6 8. a4
Rb8 9. a5 Qc7 10. Qd3 b5 11. axb6 axb6 12. Bg5 b5 13. Ba2 Re8 14. b4 exd4 15.
Nxd4 Ne5 16. Qd2 Bd7 17. Nf5 Bxf5 18. exf5 Nc4 19. Bxc4 bxc4 20. Qe2 d5 21. Bxf6
gxf6 22. b5 Kg7 23. Qg4+ Kh8 24. Qd4 cxb5 25. Nxd5 Qc5 26. Qd2 Bf8 27. Rad1
Rxe1+ 28. Qxe1 Rd8 29. Qe4 Qc6 30. Qf3 b4 31. h3 c3 32. Nxc3 Rxd1+ 33. Nxd1 Qxc2
34. Ne3 Qc1+ 35. Qd1 Qxd1+ 36. Nxd1 b3 37. Kf1 Ba3 38. Ke2 b2 39. Nc3 Bd6 40.
Kd3 Be5 41. Nb1 Kg7 42. g3 Bd6 43. Kc3 Be5+ 44. Kc2 Bd4 45. f3 1/2-1/2

[Event "AUTO-MASTER-1146"]
[Site "http://www.queenalice.com/game.php?id=851088"]
[Date "2010.10.27"]
[Round "2"]
[White "trompmaster"]
[Black "CesarLMarques"]
[Result "0-1"]
[WhiteElo "2113"]
[BlackElo "2312"]

1. d4 d5 2. Nf3 Nf6 3. b3 Bf5 4. Bb2 e6 5. e3 Bb4+ 6. c3 Bd6 7. Bd3 Bxd3 8. Qxd3
O-O 9. Nbd2 Nc6 10. c4 Nb4 11. Qb1 c5 12. a3 Na6 13. O-O Rc8 14. Ne5 cxd4 15.
exd4 dxc4 16. bxc4 Bxe5 17. dxe5 Qxd2 18. exf6 g6 19. Bc1 Qd7 20. Qe4 Nc5 21.
Qe3 Kh8 22. Bb2 Qd3 23. Rad1 Qxe3 24. fxe3 b6 25. Rf4 Rfd8 26. Rfd4 Rxd4 27.
Rxd4 Kg8 28. g4 Nb3 29. Rd7 Na5 30. Rxa7 Nxc4 31. Bc1 h6 32. e4 g5 33. h4 Rd8
34. Kf2 Rd1 35. Be3 Rd3 36. hxg5 Rxe3 37. gxh6 Rxe4 38. g5 Ne5 39. Rb7 Rg4 40.
Rxb6 Rxg5 41. Ke2 Kh7 42. a4 Rg2+ 43. Kd1 Kxh6 44. a5 Kg6 45. a6 Ra2 0-1

[Event "CesarLMarques"]
[Site "http://www.queenalice.com/game.php?id=852690"]
[Date "2010.10.31"]
[Round "5"]
[White "Harir"]
[Black "CesarLMarques"]
[Result "1/2-1/2"]
[WhiteElo "2325"]
[BlackElo "2311"]

1. e4 e5 2. Nf3 Nc6 3. Bc4 Bc5 4. O-O d6 5. d3 Nf6 6. c3 O-O 7. b4 Bb6 8. Nbd2
Ne7 9. Bb3 c6 10. Nc4 Bg4 11. h3 Be6 12. a4 Bc7 13. Be3 Ng6 14. Ng5 Bd7 15. Qc2
d5 16. Nd2 b6 17. Ngf3 a5 18. exd5 cxd5 19. b5 h6 20. Rfe1 Bd6 21. Nf1 Rc8 22.
Ng3 Qc7 23. Rac1 Rfe8 24. Qb2 e4 25. dxe4 dxe4 26. Qa2 exf3 27. Bxf7+ Kh7 28.
Qc2 Bf5 29. Nxf5 Bh2+ 30. Kh1 fxg2+ 31. Kxg2 Qxf7 32. Kxh2 Ne4 33. Ng3 Rxc3 34.
Qb2 Rb3 35. Qc2 Nxg3 36. Kxg3 Ra3 37. Ra1 Rxa1 38. Rxa1 Kh8 39. Rc1 Qf6 1/2-1/2

[Event "AUTO-OPEN-2003"]
[Site "http://www.queenalice.com/game.php?id=866164"]
[Date "2010.12.1"]
[Round "2"]
[White "CesarLMarques"]
[Black "cunha"]
[Result "0-1"]
[WhiteElo "2339"]
[BlackElo "2833"]

1. e4 c6 2. d4 d5 3. exd5 cxd5 4. c4 Nf6 5. Nc3 e6 6. Nf3 Be7 7. Bd3 dxc4 8.
Bxc4 a6 9. Bf4 O-O 10. a4 Nc6 11. O-O Qb6 12. Qb3 Qxb3 13. Bxb3 Nb4 14. Rfd1 Bd7
0-1

[Event "AUTO-OPEN-2003"]
[Site "http://www.queenalice.com/game.php?id=866165"]
[Date "2010.12.1"]
[Round "2"]
[White "cunha"]
[Black "CesarLMarques"]
[Result "1-0"]
[WhiteElo "2834"]
[BlackElo "2338"]

1. e4 c5 2. Nf3 e6 3. d4 cxd4 4. Nxd4 Nc6 5. Nc3 a6 6. Be2 d6 7. O-O Nf6 8. Be3
Be7 9. f4 Qc7 10. Qe1 O-O 11. Rd1 Nxd4 12. Bxd4 b5 13. a3 Bb7 14. Bf3 e5 15. Bf2
Rac8 16. Qe3 Rfd8 17. Rd3 1-0

[Event "AUTO-OPEN-2123"]
[Site "http://www.queenalice.com/game.php?id=906545"]
[Date "2011.2.28"]
[Round "2"]
[White "CesarLMarques"]
[Black "JeanBart"]
[Result "0-1"]
[WhiteElo "2281"]
[BlackElo "2101"]

1. c4 e5 2. g3 d5 3. cxd5 Qxd5 4. Nf3 Nf6 5. Nc3 Qa5 6. Bg2 c6 7. d4 exd4 8.
Nxd4 Be7 9. O-O O-O 10. Nb3 Qc7 11. Bf4 Qd7 0-1

[Event "AUTO-MASTER-1749"]
[Site "http://www.queenalice.com/game.php?id=1111578"]
[Date "2012.10.12"]
[Round "1"]
[White "chess666"]
[Black "CesarLMarques"]
[Result "1-0"]
[WhiteElo "2472"]
[BlackElo "2260"]

1. c4 e5 2. g3 Nc6 3. Bg2 f5 4. Nc3 Nf6 5. d3 g6 6. e4 fxe4 7. dxe4 Bc5 8. Nf3
d6 9. O-O Bg4 10. Bh6 Qd7 11. Qd2 O-O-O 12. Nd5 Nxe4 13. Qe1 Qf5 14. Nh4 Bxf2+
15. Rxf2 Qxf2+ 16. Qxf2 Nxf2 17. Kxf2 Nd4 18. Kg1 c6 19. Nf6 Be2 20. c5 dxc5 21.
Re1 Kc7 22. Bg7 b6 23. Bxh8 Rxh8 24. Bf1 Bxf1 25. Rxf1 Kd6 26. Ne4+ Kd5 27. Ng5
c4 28. Rf7 c3 29. bxc3 Ne2+ 30. Kg2 Nxc3 31. Rd7+ 1-0

[Event "AUTO-MASTER-1749"]
[Site "http://www.queenalice.com/game.php?id=1111579"]
[Date "2012.10.12"]
[Round "1"]
[White "CesarLMarques"]
[Black "chess666"]
[Result "0-1"]
[WhiteElo "2254"]
[BlackElo "2476"]

1. e4 d6 2. d4 Nf6 3. Nc3 c6 4. f3 Nbd7 5. f4 e5 6. dxe5 dxe5 7. fxe5 Nxe5 8.
Qxd8+ Kxd8 9. Be3 Bb4 10. O-O-O+ Kc7 11. Bd4 Re8 12. Nf3 Nfd7 13. Be2 f6 14. a3
Bc5 15. Kb1 Nf7 16. Rhe1 Bxd4 17. Nxd4 Nde5 18. Bh5 Bg4 19. Bxg4 Nxg4 20. h3
Nge5 21. Nf5 g6 22. Nd4 Nd6 23. b3 Rad8 24. Kb2 Nd7 25. Nf3 b5 26. Kc1 a5 27.
Rd4 Re6 28. g4 Rde8 29. Red1 Nc5 30. g5 f5 31. e5 Nde4 0-1

[Event "AUTO-MASTER-1749"]
[Site "http://www.queenalice.com/game.php?id=1111592"]
[Date "2012.10.12"]
[Round "1"]
[White "EL_CHICO"]
[Black "CesarLMarques"]
[Result "1-0"]
[WhiteElo "2168"]
[BlackElo "2249"]

1. d4 Nf6 2. c4 g6 3. Nc3 Bg7 4. e4 d6 5. Bg5 O-O 6. Bd3 Nc6 7. Nge2 h6 8. Bxf6
Bxf6 9. Bc2 e5 10. d5 Nd4 11. O-O c5 12. Nxd4 cxd4 13. Ne2 Qb6 14. b3 Bg4 15.
Bd3 Bg5 16. h3 Bd7 17. Kh1 Bf6 18. f4 Bg7 19. fxe5 dxe5 20. Ng3 h5 21. Qd2 h4
22. Ne2 f5 23. Ng1 Rac8 24. Nf3 fxe4 25. Bxe4 Rf4 26. Qd3 Re8 27. Rae1 Bf5 28.
Ng5 Bxe4 29. Nxe4 Ref8 30. c5 1-0

[Event "AUTO-MASTER-1749"]
[Site "http://www.queenalice.com/game.php?id=1111593"]
[Date "2012.10.12"]
[Round "1"]
[White "CesarLMarques"]
[Black "EL_CHICO"]
[Result "0-1"]
[WhiteElo "2235"]
[BlackElo "2182"]

1. d4 g6 2. Nf3 Bg7 3. e4 d6 4. Bc4 e6 5. Bb3 b6 6. O-O Bb7 7. Nc3 Ne7 8. Qd3 c6
9. Ne2 O-O 10. Rd1 Nd7 11. Bf4 d5 12. c4 a5 13. Rac1 dxc4 14. Bxc4 b5 15. Qb3
Nb6 16. Bd3 Nec8 17. Ne5 a4 18. Qb4 Ne7 19. Nf3 Rc8 20. Bd6 Re8 21. Be5 Bxe5 22.
dxe5 Nd7 23. Qd6 Nb8 24. Nf4 Rc7 25. Nxe6 fxe6 26. Qxe6+ Kg7 27. Qf6+ Kg8 28.
Ng5 Nd5 29. exd5 Rf8 30. Qxd8 Rxd8 31. Ne6 Rcd7 32. Nxd8 Rxd8 0-1

[Event "AUTO-MASTER-1749"]
[Site "http://www.queenalice.com/game.php?id=1111602"]
[Date "2012.10.12"]
[Round "1"]
[White "CesarLMarques"]
[Black "hba111"]
[Result "0-1"]
[WhiteElo "2264"]
[BlackElo "2606"]

1. Nf3 d5 2. c4 e6 3. g3 Nf6 4. Bg2 Nc6 5. d4 dxc4 6. Qa4 Bb4+ 7. Bd2 Nd5 8.
Bxb4 Nxb4 9. O-O Rb8 10. Nc3 a6 11. Ne5 O-O 12. Nxc6 Nxc6 13. Bxc6 bxc6 14. Qxc4
Qd6 15. e3 Rxb2 16. Rab1 Rb6 17. Rfc1 Rd8 18. Rb3 e5 19. dxe5 Qxe5 20. Rxb6 cxb6
21. Qxc6 Qb8 22. e4 Bd7 0-1

[Event "AUTO-MASTER-1749"]
[Site "http://www.queenalice.com/game.php?id=1111603"]
[Date "2012.10.12"]
[Round "1"]
[White "hba111"]
[Black "CesarLMarques"]
[Result "1-0"]
[WhiteElo "2607"]
[BlackElo "2262"]

1. e4 c6 2. d4 d5 3. e5 Bf5 4. Nc3 e6 5. g4 Bg6 6. Nge2 c5 7. Be3 Nc6 8. dxc5
Nxe5 9. Nf4 d4 10. Bb5+ Ke7 11. Nxg6+ hxg6 12. Bf4 f6 13. Bxe5 fxe5 14. Qf3 dxc3
15. Qxb7+ Kf6 16. g5+ Kxg5 17. Rg1+ Kf6 18. Rd1 cxb2 19. Rxd8 b1=Q+ 20. Rd1 Qb4+
21. c3 Qxc3+ 22. Kf1 Bxc5 23. Qxa8 Rxh2 24. Rg2 1-0